Leisure and tourism
Αποθηκεύτηκε σε:
| Κύριος συγγραφέας: | |
|---|---|
| Άλλοι συγγραφείς: | , |
| Μορφή: | Βιβλίο |
| Γλώσσα: | English |
| Δημοσίευση: |
Oxford :
Heinemann,
c1996
|
| Θέματα: | |
| Ετικέτες: |
Προσθήκη ετικέτας
Δεν υπάρχουν, Καταχωρήστε ετικέτα πρώτοι!
|
MARC
| LEADER | 00000nam a2200000 i 4500 | ||
|---|---|---|---|
| 001 | 1/67829 | ||
| 008 | 981022s1996 eng d | ||
| 020 | |a 0435452436 | ||
| 035 | |l 10030082 | ||
| 040 | |a GR-MY-UA |b gre |e aacr | ||
| 041 | 0 | |a eng | |
| 082 | 0 | |a 338.4791 | |
| 100 | 1 | |a Carysforth, Carol. | |
| 245 | 1 | 0 | |a Leisure and tourism / |c Carysforth Carol, Sheila Finch and Val Warrilow |
| 260 | |a Oxford : |b Heinemann, |c c1996 | ||
| 300 | |a xxvii, 426 p. | ||
| 650 | 0 | 0 | |a Tourism. |
| 700 | 1 | |a Finch, Sheila. | |
| 700 | 1 | |a Warrilow, Val. | |
| 852 | |a INST |b CHIOS |e 19981022 |h 338.4791 CAR |p 005200015443 |q 005200015443 |t BK |y 0 | ||
| 901 | |a BIBL-1998-3 | ||
| 909 | |a Χ |b 054942 | ||
| 922 | |a 2ΔΩΡ |b 199810 |c ΤΔΕ |d GLORYBOOK-ECONOMIST | ||